00696 2200229 4500001002100000005001500021035002500036008004100061020002100102040001200123082001000135084001600145100001200161245008500173260003600258300002200294500004100316650001000357700004500367990002700412990002700439INLIS00000000000000120260410014508 a0010-111500000000001260410 0  a978-979-025-0260 aSBPUPAD a541.2 a541.2 SUY k0 aSuyatno1 aKimia untuk SMA/MA Kelas XI /cSuyatno, Aris Purwadi,Henang Widayanto,Kuncoro PR a.-- Jakarta :bGrasindo,c20057 avi+332 hlm.:25 cm adengan lampiran dan biografi penulis 4aKimia0 aAris Purwadi,Henang Widayanto,Kuncoro PR a12583/BR/KAPD-PDG/2010 a12584/BR/KAPD-PDG/2010